[Event "Clarin GP final"]
[Site "Villa Gesell"]
[Date "1998.03.13"]
[Round "7"]
[White "Giaccio, Alfredo Gustavo"]
[Black "Sorin, Ariel"]
[Result "1/2-1/2"]
[WhiteElo "2460"]
[BlackElo "2460"]
[Annotator "Mikhalevski,V"]
[PlyCount "44"]
[EventDate "1998.03.07"]
[EventType "tourn"]
[EventRounds "11"]
[EventCountry "ARG"]
[EventCategory "10"]
[SourceTitle "CBM 064"]
[Source "ChessBase"]
[SourceDate "1998.06.02"]
[SourceVersion "1"]
[SourceVersionDate "1998.06.02"]
[SourceQuality "1"]

1. e4 e5 2. Nf3 Nc6 3. Bb5 a6 4. Ba4 Nf6 5. O-O Nxe4 6. d4 b5 7. Bb3 d5 8. dxe5
Be6 9. Nbd2 Be7 10. c3 O-O (10... Nc5 11. Bc2 d4 {Another possibility for
black,that has been known from the games of Capablanca(as white).} (11... O-O {
Can lead to transposision after} 12. Re1 {-see Giaccio-Sorin,1998}) 12. Nb3 d3
13. Bb1 Nxb3 14. axb3 Bf5 15. Be3 O-O 16. Bd4 Qd5 17. Re1 Rfd8 18. Re3 Nxd4 19.
Nxd4 Bg6 20. b4 c5 21. bxc5 b4 22. c6 bxc3 23. bxc3 Qc5 24. Bxd3 Bg5 25. Bxg6
hxg6 26. Rd3 Qxe5 27. Nf3 Qb5 28. Rxd8+ Rxd8 29. c7 Rc8 30. Rb1 {1-0 Giaccio,
A-Fernandez,J/Open, Mar del Plata ARG 1998}) 11. Re1 Nc5 12. Bc2 (12. Nd4 Nxd4
13. cxd4 Nd3 14. Re3 Nf4 15. Bc2 c5 $15 {ECO}) 12... d4 {This has been known
to be good for Black since Lasker-Tarrasch, St.Petersburg, 1914, and probably
even before!! (Ernst)} 13. Nb3 $146 {New move.In the previous games white
tried 13.Ne4 and 13.cd,that doesn't promises a lot either.} (13. Ne4 dxc3 (
13... d3 $5 14. Nxc5 dxc2 15. Qxd8 Raxd8 16. Nxe6 fxe6 17. Be3 Rd5 18. Rac1
Nxe5 19. Nxe5 Rxe5 20. Rxc2 Bc5 21. Rce2 Bxe3 22. Rxe3 Rxe3 23. Rxe3 Rd8 $11 {
1/2-1/2 Dobes,O-Martinec,K/Znojmo op-A 1997 (40)}) 14. Nxc5 (14. bxc3 Qxd1 15.
Rxd1 Bf5 16. Re1 Rfd8 17. Bf4 Nd3 18. Bxd3 Rxd3 19. Ng3 Bg4 20. Re3 Rxe3 21.
Bxe3 Bxf3 22. gxf3 Nxe5 $17 {Tarnowski,A-Szabo,L/Szcawno Zdroj 1950/0-1 (53)})
14... Qxd1 15. Rxd1 Bxc5 16. bxc3 Rad8 17. Bf4 h6 18. Be4 Rxd1+ 19. Rxd1 Rd8
20. Rxd8+ Nxd8 $15 {[%csl Ra2,Rc3] 0-1 Liang Jinrong-Wang Miao/Beijing op 1991
(38)}) (13. cxd4 Nxd4 14. Nxd4 Qxd4 15. Nb3 (15. Qe2 Rad8 16. Nf3 Qc4 (16...
Qg4 17. b3 Bf5 18. h3 Qg6 19. Bxf5 Qxf5 20. Ba3 Rfe8 21. Rad1 Bf8 22. Qe3 Nd3
23. Nh4 Nxe1 24. Nxf5 Rxd1 25. Kh2 Bxa3 26. Qg5 g6 27. Nh6+ Kg7 28. Nf5+ Kg8 {
1/2-1/2 Kosten,A-Tal,M/Jurmala 1987}) 17. Be3 $146 (17. Qxc4 Bxc4 18. Be3 Ne6
19. Be4 Bd5 20. Bxd5 Rxd5 $17 {H.Johner-Euwe, Zurich,1934}) 17... Qxe2 18. Rxe2
Bc4 (18... Nd3 19. Nd4 $1) 19. Rd2 Ne6 20. Bb3 $1 Bxb3 21. axb3 Bb4 22. Rxd8
Rxd8 23. Kf1 Rd3 24. Rxa6 h6 25. Rc6 Kf8 26. Rc2 Rxb3 27. Ke2 c5 28. Nd2 Bxd2
29. Kxd2 Ke7 30. Kc1 (30. Bxc5+ {Ernst} Nxc5 31. Rxc5 Rxb2+ 32. Ke3 $15) 30...
c4 31. Rd2 c3 32. bxc3 Rxc3+ 33. Kb2 Rc4 34. Rd6 f5 35. g3 g5 36. Rb6 f4 37.
Rb7+ Ke8 38. gxf4 gxf4 39. Bd2 Re4 40. Rxb5 Re2 41. Kc3 Rxf2 42. h4 Rh2 43. Rb6
{Tough defense by Kiril Georgiev! 1/2-1/2 Georgiev,K-Piket,J/Biel izt 1993})
15... Nxb3 16. axb3 Qxd1 17. Rxd1 c5 18. Bd2 Rfd8 19. Ba5 Rxd1+ 20. Rxd1 f6 21.
Bc3 fxe5 22. Bxe5 Rd8 23. Rxd8+ Bxd8 $15 {[%csl Rb2,Rb3] 1/2-1/2 Lasker,
E-Tarrasch,S/St.Petersburg prel 1914 (47)}) 13... dxc3 (13... d3 $5 14. Bb1 (
14. Nxc5 dxc2 15. Qxd8 Raxd8 {-see 13.Ne4 d3 14.N:c5}) 14... Nxb3 15. axb3 Bf5
16. Be3 $13 {The same position with rook on f1 and knight on d4(that of course
is much better for White) you can find after early d5-d4(Giaccio-Fernandez Mar
del Plata,1998)}) 14. bxc3 (14. Nxc5 $6 Bxc5 (14... cxb2 $2 15. Bxb2 Bxc5 16.
Bxh7+ (16. Be4 $5) 16... Kxh7 17. Qc2+ $14 {[%cal Gc2h7,Gc2c5]}) 15. Be4 $2 {
[%cal Ge4a8]} Qxd1 16. Rxd1 Rad8 $1 {[%csl Rg1]}) 14... Qxd1 (14... Bg4 $2 15.
Qe2 $1 $16 {[%csl Rc6,Rg4][%cal Gb3c5,Ge2e4] /\N:c5 and Qe4} Qd5 $140 $6 16.
Nxc5 $1 {Now black is lost by force.} Bxc5 (16... Bxf3 17. Qxf3 Qxc5 (17...
Qxf3 18. gxf3 Bxc5 19. Be4 {[%cal Ge4a8]} Nxe5 20. Bxa8 Nd3 21. Be3 $1 $16) 18.
Be3 $1 Qc4 (18... Qxc3 19. Rac1 $18) 19. Qe4 $1 Qxe4 (19... g6 20. Qxc4 bxc4
21. Be4 Nxe5 22. Bd4 $1 $18) 20. Bxe4 Nxe5 21. Bd4 $1 $18) 17. Bxh7+ $1 Kxh7
18. Ng5+ Kg8 19. Qxg4 $18 Nxe5 $140 20. Qf5) 15. Rxd1 Rfd8 $6 {Black is trying
to equalize,but 15...Na4! could give him better chances.} (15... Na4 $1 {
[%csl Rc3]} 16. Nbd4 Nxd4 17. cxd4 Nc3 18. Rd2 (18. Re1 Nxa2 19. Be4 {[%csl
Ra2][%cal Gd4d5]} Rad8 $1 20. Bd2 $1 {[%cal Gd4d5] /\d5} (20. Bg5 Bxg5 21. Nxg5
Bc4 $1 $15 {[%csl Rd4]}) (20. d5 Bxd5 21. Bxd5 Nxc1 22. Bxf7+ (22. Rexc1 $2
Rxd5 23. Rxc7 Bb4 $19) 22... Kxf7 23. Rexc1 c5 24. Rxa6 Ra8 $15 {[%csl Gb5,Gc5]
}) 20... Bc4 $1 (20... Nb4 $6 21. Reb1) 21. Ba5 {[%cal Ga5c7]} Bb4 (21... b4)
22. Bxb4 (22. Bxc7 $2 Bxe1 23. Bxd8 Bc3 $19) 22... Nxb4 23. Reb1 $140 (23. Rec1
$15) (23. Ra5 $15) 23... Na2 $3 $17 {[%cal Ga2c3] /\Nc3}) 18... Rfd8 (18...
Nxa2 $2 19. d5 Nxc1 20. dxe6 fxe6 $8 21. Rxc1 Rxf3 $1 22. gxf3 Bg5 $16 {
[%cal Gg5c1]}) 19. Bb3 c5 $1 {and Black is slightly better.}) 16. Bg5 Rxd1+ 17.
Rxd1 Nxb3 18. axb3 Rd8 (18... Kf8 $5 19. Be4 $140 Rd8) 19. Rxd8+ Bxd8 20. Bxd8
Nxd8 21. b4 $1 $14 {[%csl Ra6,Rb5] Now White has small advantage thanks to the
weak pawns on b5 and a6 and better pawn structure.} Bd5 22. Nd4 g6 {White
could continue by playing 23.f4 and then Kg1-f2-e3 with better chances.}
1/2-1/2

[Event "CCA-ICC op"]
[Site "Lake George"]
[Date "2005.05.14"]
[Round "6"]
[White "Shabalov, Alexander"]
[Black "Mikhalevski, Victor"]
[Result "1-0"]
[WhiteElo "2593"]
[BlackElo "2572"]
[Annotator "Mikhalevski,V"]
[PlyCount "77"]
[EventDate "2005.05.11"]
[EventType "swiss"]
[EventRounds "9"]
[EventCountry "USA"]
[SourceTitle "CBM 107"]
[Source "ChessBase"]
[SourceDate "2005.08.01"]
[SourceVersion "1"]
[SourceVersionDate "2005.08.01"]
[SourceQuality "1"]

1. e4 e5 2. Nf3 Nc6 3. Bb5 a6 4. Ba4 Nf6 5. O-O Nxe4 6. d4 b5 7. Bb3 d5 8. dxe5
Be6 9. Be3 Be7 10. c3 O-O 11. Nbd2 Kh8 {An uncommon conituation. Black moves
the king away from g8 in order to prepare a retreat of the light-squared
bishop.} (11... Qd7 {is the main line.}) 12. Bc2 ({Efimenko played against me} 
12. Re1 {but I managed to equalize improving on the way Krasenkow's play in
the game below.} Qd7 13. Nxe4 dxe4 14. Qxd7 Bxd7 15. e6 Bxe6 16. Bxe6 fxe6 17.
Nd2 Ne5 18. Nxe4 Nd3 19. Re2 c5 20. f3 Kg8 $1 {This is a novelty I found
during the game. The point is to bring the king closer to the weak e6-pawn.}
21. Nf2 Rfd8 22. Nxd3 Rxd3 23. Bf2 Kf7 24. Rae1 b4 $1 25. Rxe6 Bf6 {Black
creates pressure on the queenside and forces a number of exchanges which lead
the game to a draw.} 26. Bxc5 bxc3 27. bxc3 Rxc3 28. Bf2 Rb8 29. Rb6 Rxb6 30.
Bxb6 Rc6 31. Ba7 Rc7 32. Bb6 {1/2-1/2 Efimenko,Z-Mikhalevski,V/Biel 2001/CBM
083 ext (32).}) 12... f5 13. exf6 Nxf6 14. Ng5 Bg8 ({In the only preceding
game Black played} 14... Qd7 {Somehow I don't like the idea of exchanging the
light-squared bishop for the knight.} 15. Nxe6 Qxe6 16. Nf3 Ne4 17. Nd4 $6 (17.
Qd3 $5) 17... Nxd4 18. cxd4 Rae8 {and Black is fine. 0-1 Kovacevic,A-Golubovic,
Z/Nis 1996/EXT 99 (35). (34)}) 15. Nb3 Ne5 $5 (15... Bd6 {was an obvious
alternative.}) 16. Bd4 Nfd7 $6 {This move is already dubious.} (16... Nc4 $1 {
[%csl Rb2] was correct. Below you'll find variations which reflect a possible
continuation of play.} 17. Rb1 $1 (17. Nc5 {Giving up the b2-pawn doesn't
promise any advantage.} Nxb2 $1 ({Worse is} 17... Qd6 18. b3 Qc6 19. Nd3 Na3
20. Ne5 Qd6 21. Bxh7 $1 {[%csl Rf7]} Nxh7 22. Qh5 $1 {[%cal Ge5g6]} Rf6 23.
Ngf7+ Bxf7 24. Nxf7+ Rxf7 25. Qxf7 Bf6 26. Rae1 Rf8 (26... Bxd4 $5 27. cxd4 Nc2
) 27. Re8 Bxd4 28. cxd4 $14 {and White's rook is better than two disconnected
knights.}) 18. Qc1 Qd6 $1 {[%cal Gf6g4] A nice tactical idea.} 19. Qxb2 Ng4 {
[%csl Rg5,Rh2]} 20. f4 $1 Bxg5 $1 21. h3 $1 Bxf4 22. hxg4 (22. Rxf4 Qxf4 23.
hxg4 Qxg4 24. Bd3 $13) 22... Bh2+ 23. Kh1 Qh6 24. g5 Qh4 25. Bf5 {[%cal Gf5h3]}
Rxf5 26. Rxf5 Bf4+ 27. Kg1 Qh2+ 28. Kf1 Qh1+ 29. Kf2 (29. Bg1 $2 Be3 $19) 29...
Qh4+ $11 {with a repetition of moves.}) 17... h6 18. Nf3 Ne4 $11) (16... Nfg4
$2 {doesn't work:} 17. Nxh7 $1 {[%csl Re5]} Bxh7 (17... Rf4 18. h3 $1 Bxh7 19.
Bxh7 Kxh7 20. Bxe5 $1 Nxe5 21. Qh5+ Kg8 22. Qxe5 $16) 18. Bxe5 Nxe5 (18... Bxc2
19. Qxg4 $16) 19. Qh5 $1 $16 (19. Bxh7 Nf3+ $1 20. gxf3 Kxh7 $132 {[%csl Rf2,
Rf3,Rh2]})) (16... Bd6 $5 17. Nc5 Qc8 18. Re1 Nc6 $14) 17. Nxh7 $1 Rf4 $4 {
I've prepared this move in advance and played it almost without checking. It
turned out that I had completely missed a beautiful reply.} (17... Bxh7 18.
Bxh7 (18. Qh5 $2 Nf6 $19) (18. Bxe5 $2 Bxc2 $19) 18... Nf3+ $1 19. gxf3 Kxh7
20. f4 $1 Qe8 $1 21. Qd3+ Qg6+ 22. Qxg6+ Kxg6 23. Be5 $1 Rac8 $14) {[%tqu "En",
"","","","h7f8","",10]} 18. Nf8 $3 $18 {[%cal Gd1h5] Now it's over. The best
Black can do is to play a pawn down in a bad position.} Rh4 {The only chance
to prolong the game.} ({Unfortunately} 18... Nf3+ {doesn't work in view of} 19.
Qxf3 $1 {and Black loses all his pieces.} Rxf3 20. Ng6+ Kh7 21. Nxe7+ g6 (21...
Kh6 22. Nxg8+ Qxg8 23. gxf3 $18) (21... Kh8 22. Ng6+ $18) 22. Nxg6 $1 Rf6 23.
Ne5+ $1 Kg7 24. Ng4 $1 $18 {and Black is hopeless.}) 19. Nxd7 Nxd7 20. g3 Rh6
21. Be3 Bg5 22. f4 Be7 ({or} 22... Bf6 23. g4) 23. Nd4 {[%cal Gd4f5]} Bh7 24.
Bxh7 Rxh7 {[%csl Rc6,Re6] A sad necessity.} 25. Nc6 Qe8 26. Qxd5 $18 {Another
pawn is gone. This was already a good moment to resign, but I was in the
time-trouble and decided to play a few more moves.} Ba3 27. Bd4 $1 Bxb2 28.
Rae1 (28. Ne7 $5 {[%csl Ra8][%cal Ge7g6] was also strong.} Bxa1 $140 (28... Nf6
29. Ng6+ $1 Qxg6 30. Qxa8+ $18) 29. Qg8+ $1 Qxg8 30. Ng6#) 28... Qh5 29. Qg2 (
29. Bxg7+ $6 {would give me some practical chances after} Kxg7 30. Re7+ Kh8 31.
Qxh5 Rxh5 32. Rxd7 Bxc3 33. Rxc7 Rc5) 29... Ba3 30. Ne5 Nf8 $1 $138 31. f5 (31.
Ng6+ $5 Kg8 32. Re5 Qxg6 33. Qxa8 $18) ({Of course not} 31. Qxa8 $4 Qxh2#)
31... Rc8 32. f6 $1 {White opens up the king finishing the game by direct
attack.} gxf6 33. Rxf6 c5 34. Nf7+ $1 Kg7 ({or} 34... Kg8 35. Nh6+ $1 Rxh6 36.
Rxh6 Qxh6 37. Qd5+ Kh7 38. Qf7+ {and mate on the next move.}) 35. Be5 Re8 36.
Rf5+ Rxe5 37. Rexe5 Qd1+ 38. Rf1 Qd3 39. Ng5 {A nice execution from Alex.} 1-0

[Event "Canadian op"]
[Site "Kapuskasing"]
[Date "2004.07.15"]
[Round "7"]
[White "Spraggett, Kevin"]
[Black "Mikhalevski, Victor"]
[Result "1-0"]
[WhiteElo "2584"]
[BlackElo "2551"]
[Annotator "Mikhalevski,V"]
[PlyCount "59"]
[EventDate "2004.07.10"]
[EventType "swiss"]
[EventRounds "10"]
[EventCountry "CAN"]
[SourceTitle "CBM 101 Extra"]
[Source "ChessBase"]
[SourceDate "2004.09.01"]
[SourceVersion "2"]
[SourceVersionDate "2004.09.01"]
[SourceQuality "1"]

1. e4 e5 2. Nf3 Nc6 3. Bb5 a6 4. Ba4 Nf6 5. O-O Nxe4 6. d4 b5 7. Bb3 d5 8. dxe5
Be6 9. c3 {I knew that my opponent played this line and decided to surprise
him. A bad surprise as it turned out...} Be7 10. Nbd2 O-O 11. Bc2 f5 12. Nd4 $1
{According to Kortschnoj this is better than 12.exf6. Unfortunately I felt
that Black's position is dangerous only when I got in trouble, but not before
the game.} ({The main alternative is} 12. exf6 Nxf6 13. Nb3 Bg4 14. Qd3 Ne4 $6
(14... Qd7 $5 {1-0 Shirov,A-Kortschnoj,V/Plovdiv BUL 2003/The Week in Chess
467 (29)}) (14... Bh5 $5 {Euwe.}) 15. Nbd2 $1 {1/2-1/2 Shirov,A-Kortschnoj,V/
Reykjavic ISL 2003/CBM94[Korchnoi] (41). (41)}) 12... Nxd4 13. cxd4 c5 14. dxc5
Nxd2 15. Bxd2 Bxc5 16. Bb3 $1 {[%csl Rd5] During the game I remebered that I
went through this position in my preparation for the game and considered it to
be ok. However thinking about the position more and more I started to realize
that the position is already very unpleasant. Black experiences problems with
the d5-pawn and the dark-squares.} (16. Rc1 $5) {After spending about an hour
I made a move which I didn't like from the very beginning, but remembered that
it was played in a number of games.} 16... Qb6 $6 {Now Black will also have a
problem with the dark-squared bishop.} (16... Qd7 $5 {Probably the best
defense which was demonstrated by Hjartarson in the following game.} 17. Rc1
Rfc8 $1 ({During the game I didn't like} 17... Rac8 {in view of} 18. Rxc5 Rxc5
19. Bb4 {Exchanging this way dark-squared bishops White creates an unpleasant
pressure on the d-pawn. Somehow Fritz considers the position equal!}) 18. Bc3
a5 19. a3 Bb6 20. Rc2 a4 21. Ba2 d4 $1 {This nice pawns sacrifice leads to an
equal endgame with the bishops of opposite colours.} 22. Bxd4 Bxa2 23. Bxb6
Qxd1 24. Rxc8+ Rxc8 25. Rxd1 Bb3 26. Re1 Kf7 27. h3 Ke6 28. Ba5 Rc2 29. Bc3 g5
{1/2-1/2 Ivanchuk,V-Hjartarson,J/Tilburg 1989/CBM 15 (29)}) 17. Qf3 Rad8 (17...
Kh8 {was worth trying.}) 18. Rac1 {White's plan is very simple. He's going to
double the rooks along the c-file and penetrate to c6.} f4 {After the game I
was surpised when I found out that only this move is new. My idea was to try
to complicate the position.} ({Earlier Black tested} 18... Bd4 19. Bb4 $1 Rf7
20. Bd6 $1 $16 {[%csl Rd5]} Bxb2 21. Rc2 Bd4 22. Rfc1 $1 b4 23. Bc7 Rxc7 24.
Rxc7 Bc3 25. R1xc3 bxc3 26. Qxc3 $16 {1-0 Ivanchuk,V-Ljubojevic,L/Monte Carlo
1994/CBM 40 ext (52). (52) and White converted his advantage into a win.}) ({
and} 18... b4 19. Rc2 Kh8 20. Rfc1 Rc8 21. Bf4 (21. Bxd5 Bxd5 22. Qxd5 Bxf2+
$132) (21. Be3 $1 {Mikhalevski,V}) 21... Rfd8 22. h4 h6 23. h5 {1/2-1/2 Short,
N-Prasad,D/Subotica 1987/CBM 03/[Rodriguez,Am] (85). (84) and also Black
succeeded to avoid immediate material losses his position is still far from
brilliant. (Mikhalevski,V)}) 19. Ba5 $5 {The most unpleasant. White trades the
dark-squared bishops and penetrates with the rook to the 6th rank.} ({I hoped
for} 19. Bxf4 $6 Bd4 $1 {[%csl Rb2,Re5] with counterplay.}) (19. Rc2 $5 {
[%cal Gf1c1]}) 19... Bxf2+ 20. Qxf2 $1 {White takes control over the dark
squares and also leaves the rook on the first rank to control the e1-square.} (
20. Rxf2 $2 Qxa5 21. Rc6 Qe1+ {The main reason for 20.Qxf2.} 22. Rf1 Qxe5)
20... Qxa5 21. Rc6 Bc8 $5 (21... Bg4 $5 {was an alternative.} 22. h3 $1 (22. e6
$6 Qb4 $1 23. Qh4 Qd4+ $1 24. Rf2 (24. Kh1 $4 f3 $1 {I've missed this idea in
my calculations.} 25. e7 $140 (25. gxf3 $2 Bxf3+ 26. Rxf3 Qxh4) (25. Rxf3 Qxb2
$3 26. Rxf8+ Rxf8 27. Qe1 Qe5 28. Qg1 Bxe6 $19) 25... fxg2+ 26. Kxg2 Qe4+ 27.
Kg1 Rxf1+ 28. Kxf1 Be2+ $1 {[%cal Ge4h4]}) 24... Rc8 $1 25. e7 Rfe8 $36 (25...
Rxc6 $4 26. exf8=Q+ Kxf8 27. Qd8+ Kf7 28. Bxd5+ Kg6 29. Bf7+ {[%csl Rd4]})) (
22. Qd4 Be2) 22... Bh5 23. Qd4 $14 {[%csl Rd5] and Black experiences problems.}
) 22. e6 Rde8 $2 {After this move Black's position is hopeless.} (22... Bb7 $2
{loses to} 23. Rb6 $1 {[%csl Rb7][%cal Ge6e7]}) (22... Qb4 $1 {was necessary,
although the arising bishop endgame is better for White.} 23. Qa7 $1 (23. Rd1
Rfe8) 23... f3 $1 24. e7 f2+ 25. Kh1 Qe1 26. Bxd5+ Kh8 27. exf8=Q+ Rxf8 28. Rc1
Qxc1 29. Rxc1 f1=Q+ 30. Rxf1 Rxf1+ 31. Qg1 Rxg1+ 32. Kxg1 $14 {[%cal Gg1f2,
Gf2e3,Ge3d4]}) 23. Bxd5 ({Also} 23. Qc5 $5 {was enough for a win.} Bxe6 24.
Rxe6 Rxe6 25. Bxd5 Rfe8 26. Qc6 $1 Kf7 27. Qd6 $1 {[%csl Ge1,Rf7][%cal Gd6f4,
Gb2b4]} (27. Rxf4+ $2 Kg6 28. Bxe6 Qe1+ 29. Rf1 Rxe6 $11) 27... g5 28. b4 $1
Qd8 (28... Qa3 29. Re1 $1) 29. Bxe6+) 23... Kh8 (23... Rf5 $5 24. Rc5 $1 {
[%csl Rc8][%cal Gf1c1]} Rf6 {was a tougher defense, but anyway Black could
hardly save the game.} 25. Re1 {[%csl Rc8]}) 24. e7 $1 $18 {This nice tactical
blow concludes the game. Black can't avoid material losses.} Rf6 25. Qc5 Bg4
26. Rxf6 gxf6 27. Bf7 Bd7 28. Qd4 Kg7 29. Bxe8 Bxe8 30. Qd8 1-0